Logika ogolna czyli Teorja Poznania i Logika Formalna / (Record no. 95266)

MARC details
000 -LEADER
campo de control de longitud fija 00464nam a2200145 i 4500
001 - NÚMERO DE CONTROL
campo de control 95266
003 - IDENTIFICADOR DE NÚMERO DE CONTROL
campo de control ES-MaACL
007 - CAMPO FIJO DE DESCRIPCIÓN FÍSICA--INFORMACIÓN GENERAL
campo de control de longitud fija t|
008 - DATOS DE LONGITUD FIJA--INFORMACIÓN GENERAL
campo de control de longitud fija 050525s1906 xxk ||||1| pol d
100 1# - ENTRADA PRINCIPAL--NOMBRE DE PERSONA
Nombre de persona Lutoslawski, Wincenty.
9 (RLIN) 74879
245 10 - MENCIÓN DEL TÍTULO
Título Logika ogolna czyli Teorja Poznania i Logika Formalna /
Mención de responsabilidad, etc. Opracowal Wincenty Lutoslawski.
260 ## - PUBLICACIÓN, DISTRIBUCIÓN, ETC.
Lugar de publicación, distribución, etc. Londynie :
Nombre del editor, distribuidor, etc. Nakladem Wszechnicy Mickiewicza,
Fecha de publicación, distribución, etc. 1906.
300 ## - DESCRIPCIÓN FÍSICA
Extensión XXXII, 368, 1-67 p. ;
Dimensiones 19 cm.
852 ## - LOCALIZACIÓN
Ubicación ES-MaACL
Número de control de estantería G-1845
Holdings
Estatus retirado Estado de pérdida Estado de daño No para préstamo Biblioteca de origen Biblioteca actual Ubicación en estantería Fecha de adquisición Fuente de adquisición Total de préstamos Signatura topográfica completa Código de barras Visto por última vez Precio de reemplazo Tipo de ítem Koha
        Biblioteca del Ateneo de Madrid Biblioteca del Ateneo de Madrid Depósito 2 17/01/2008     G-1845 1099478 23/02/2023 23/02/2023 Libro impreso